header

The Malleus Maleficarum and the construction of witchcraft (Record no. 55262)

MARC details
000 -LEADER
fixed length control field 01488nam a2200337Ia 4500
082 04 - DEWEY DECIMAL CLASSIFICATION NUMBER
Classification number 133.4309024
100 1# - MAIN ENTRY--AUTHOR NAME
Personal name Broedel, Hans Peter.
245 14 - TITLE STATEMENT
Title The Malleus Maleficarum and the construction of witchcraft
260 ## - PUBLICATION, DISTRIBUTION, ETC. (IMPRINT)
Place of publication Manchester ;
-- New York :
Name of publisher Manchester University Press ;
Place of publication New York :
Name of publisher Distributed by Palgrave,
Year of publication 2003.
300 ## - PHYSICAL DESCRIPTION
Number of Pages 209 p.
490 1# - SERIES STATEMENT
Series statement Studies in early modern European history
650 #0 - SUBJECT ADDED ENTRY--TOPICAL TERM
Topical Term Witchcraft
856 40 - ELECTRONIC LOCATION AND ACCESS
Uniform Resource Identifier http://site.ebrary.com/lib/rucke/Doc?id=10082121

No items available.

© 2026 Rongo University
Contact us: librarian | system librarian | Rongo university